[Event "Aut_2. Bundesliga Ost 2005/06"]
[Site "?"]
[Date "2005.10.08"]
[Round "1.1"]
[White "Blatny, Pavel"]
[Black "Markos, Jan"]
[Result "1-0"]
[WhiteElo "2531"]
[BlackElo "2462"]
[PlyCount "77"]
[EventDate "2005.10.08"]

1. f4 Nf6 2. b3 g6 3. Bb2 Bg7 4. g3 O-O 5. c4 d6 6. Bg2 e5 7. fxe5 dxe5 8. Bxe5
Nc6 9. Bb2 Nd4 10. e3 Bg4 11. Nf3 Nxf3+ 12. Bxf3 h5 13. O-O Qd3 14. Bxg4 Nxg4
15. Bxg7 Kxg7 16. Qf3 c6 17. h3 Nh6 18. Rf2 f5 19. Nc3 Rad8 20. Raf1 Ng8 21.
Na4 Qd6 22. d4 Nf6 23. Nc5 Qe7 24. Nd3 Ne4 25. Rh2 Rfe8 26. Re1 Rd6 27. Nf4 Ng5
28. Qd1 Qe4 29. Rf2 Rxd4 30. Qa1 Kh7 31. h4 Nf7 32. Nxh5 Qe5 33. Nf6+ Qxf6 34.
exd4 Rxe1+ 35. Qxe1 Qxd4 36. Qe7 Kg7 37. Kg2 b5 38. h5 bxc4 39. h6+ 1-0

[Event "Aut_2. Bundesliga Ost 2005/06"]
[Site "?"]
[Date "2005.10.08"]
[Round "1.1"]
[White "Holemar, David"]
[Black "Smolen, Jan"]
[Result "1-0"]
[WhiteElo "2318"]
[BlackElo "2316"]
[PlyCount "57"]
[EventDate "2005.10.08"]

1. e4 e6 2. Nf3 d5 3. e5 Bd7 4. a3 c5 5. b4 cxb4 6. axb4 Bxb4 7. c3 Be7 8. d4
Nc6 9. Bd3 Na5 10. O-O Nc4 11. Qc2 g6 12. Nbd2 b5 13. Nb3 a5 14. Nc5 Qb6 15. h4
Rc8 16. Bxc4 dxc4 17. Nxd7 Kxd7 18. Rd1 Kc7 19. Ba3 a4 20. d5 Bc5 21. Bxc5 Qxc5
22. dxe6 Ne7 23. Rd7+ Kb6 24. Rb1 Nc6 25. Qxa4 Ra8 26. Rxb5+ Qxb5 27. Rb7+ Kxb7
28. Qxb5+ Kc7 29. Qxc4 1-0

[Event "Aut_2. Bundesliga Ost 2005/06"]
[Site "?"]
[Date "2005.10.08"]
[Round "1.1"]
[White "Hangweyrer, Roman"]
[Black "Travenec, Igor"]
[Result "1/2-1/2"]
[WhiteElo "2150"]
[BlackElo "2174"]
[PlyCount "84"]
[EventDate "2005.10.08"]

1. c4 Nf6 2. Nf3 e6 3. Nc3 d5 4. d4 Nbd7 5. Bg5 Be7 6. e3 O-O 7. cxd5 exd5 8.
Bd3 c6 9. Qc2 h6 10. Bh4 Re8 11. h3 Nf8 12. g4 Ne4 13. Bxe7 Qxe7 14. Bxe4 dxe4
15. Nd2 f5 16. O-O-O Nh7 17. Nc4 fxg4 18. Ne5 Ng5 19. hxg4 Be6 20. Kb1 Rad8 21.
Rh5 Bf7 22. Rh2 Bd5 23. Nxd5 Rxd5 24. Rdh1 Qe6 25. Rh5 c5 26. Rxg5 hxg5 27.
Qxe4 Rxe5 28. dxe5 Qxe5 29. Qh7+ Kf7 30. Rd1 Qe4+ 31. Qxe4 Rxe4 32. Rd7+ Kf6
33. Rxb7 Rxg4 34. Rxa7 Rg2 35. Ra6+ Ke5 36. Rc6 Kd5 37. Rg6 Kc4 38. Rxg7 Rxf2
39. Kc1 Rf1+ 40. Kd2 Rf2+ 41. Kc1 Rf1+ 42. Kd2 Rf2+ 1/2-1/2

[Event "Aut_2. Bundesliga Ost 2005/06"]
[Site "?"]
[Date "2005.10.08"]
[Round "1.2"]
[White "Polak, Tomas"]
[Black "Loeffler, Stefan"]
[Result "1/2-1/2"]
[WhiteElo "2483"]
[BlackElo "2424"]
[PlyCount "53"]
[EventDate "2005.10.08"]

1. d4 d5 2. c4 c6 3. Nf3 Nf6 4. e3 a6 5. Bd3 Bg4 6. Nbd2 e6 7. Qc2 Nbd7 8. b3
Bd6 9. Bb2 Qb8 10. h3 Bxf3 11. Nxf3 O-O 12. O-O Re8 13. Rac1 h6 14. Rfd1 Qc7
15. a3 Rad8 16. c5 Bf8 17. b4 Ra8 18. a4 b5 19. cxb6 Qxb6 20. Bc3 Bxb4 21. Bxb4
Qxb4 22. Qxc6 Qa5 23. Ne5 Red8 24. Qc3 Qxc3 25. Rxc3 Nxe5 26. dxe5 Nd7 27. f4
1/2-1/2

[Event "Aut_2. Bundesliga Ost 2005/06"]
[Site "?"]
[Date "2005.10.08"]
[Round "1.2"]
[White "Miniboeck, Guenter"]
[Black "Chytilek, Roman"]
[Result "1/2-1/2"]
[WhiteElo "2362"]
[BlackElo "2415"]
[PlyCount "82"]
[EventDate "2005.10.08"]

1. d4 g6 2. c4 Bg7 3. e4 d6 4. Nc3 Nf6 5. f3 O-O 6. Be3 Nbd7 7. Qd2 a6 8. Bd3
c5 9. Nge2 cxd4 10. Nxd4 Ne5 11. Be2 e6 12. O-O d5 13. cxd5 exd5 14. exd5 Nxd5
15. Bg5 Qa5 16. Nb3 Qb6+ 17. Kh1 Nxc3 18. Qxc3 Ng4 19. Qc5 Qxc5 20. Nxc5 Bd4
21. fxg4 Bxc5 22. Rac1 b6 23. Bf3 Ra7 24. Bh6 Re8 25. Rfd1 Be6 26. b3 Rd7 27.
h3 Red8 28. Rxd7 Rxd7 29. b4 Bf8 30. Rc8 Rd1+ 31. Bxd1 Bxc8 32. Bxf8 Kxf8 33.
g5 Ke7 34. Kg1 Kd6 35. Kf2 Be6 36. a3 Kd5 37. Be2 a5 38. Ke3 Bf5 39. h4 Bb1 40.
g3 Bf5 41. Bb5 axb4 1/2-1/2

[Event "Aut_2. Bundesliga Ost 2005/06"]
[Site "?"]
[Date "2005.10.08"]
[Round "1.2"]
[White "Groetz, Harald"]
[Black "Schneider-Zinner, Harald"]
[Result "1-0"]
[WhiteElo "2296"]
[BlackElo "2350"]
[PlyCount "91"]
[EventDate "2005.10.08"]

1. e4 e6 2. d4 d5 3. Nd2 dxe4 4. Nxe4 Nd7 5. Nf3 Ngf6 6. Bd3 c5 7. O-O Nxe4 8.
Bxe4 Nf6 9. Bg5 cxd4 10. Nxd4 Be7 11. Bf3 O-O 12. Re1 Qb6 13. c3 Qxb2 14. Qd3
Qa3 15. Rab1 a6 16. Re2 Nd5 17. Bxe7 Nxe7 18. Be4 h6 19. h4 Qd6 20. Nc6 Nf5 21.
Bxf5 Qxc6 22. Bh7+ Kh8 23. Be4 Qc7 24. Reb2 Rb8 25. Rb6 f5 26. Bf3 Rd8 27. Qe3
Rd6 28. Rxd6 Qxd6 29. Rd1 Qc7 30. Qd4 Kh7 31. h5 b5 32. Qd8 Qf7 33. Qd6 Rb7 34.
Bxb7 Bxb7 35. f3 Bd5 36. Qxa6 Bc4 37. a4 Qc7 38. axb5 Qc5+ 39. Kh1 f4 40. Qc6
Qxh5+ 41. Kg1 Bd5 42. Qd6 Qg5 43. b6 h5 44. c4 Bb7 45. Re1 h4 46. Re5 1-0

[Event "Aut_2. Bundesliga Ost 2005/06"]
[Site "?"]
[Date "2005.10.08"]
[Round "1.2"]
[White "Brandner, Stefan"]
[Black "Hangweyrer, Manfred"]
[Result "1-0"]
[WhiteElo "2328"]
[BlackElo "2327"]
[PlyCount "79"]
[EventDate "2005.10.08"]

1. e4 d5 2. exd5 Nf6 3. d4 Bg4 4. Be2 Bxe2 5. Qxe2 Qxd5 6. Nf3 c6 7. O-O e6 8.
c4 Qh5 9. Bf4 Nbd7 10. Nc3 Be7 11. Rad1 O-O 12. d5 Rae8 13. dxe6 Bd8 14. Ng5
Qxe2 15. Nxe2 fxe6 16. Bd6 Be7 17. Nxe6 Rf7 18. Ng3 Nb6 19. Ng5 Bxd6 20. Rxd6
Rfe7 21. b3 h6 22. Nf3 Ne4 23. Nxe4 Rxe4 24. Rdd1 Kf7 25. Rfe1 Rxe1+ 26. Rxe1
Rd8 27. h4 a5 28. g4 a4 29. Kg2 Kf6 30. Kg3 axb3 31. axb3 Rd3 32. Kf4 Nd7 33.
Re3 Rxe3 34. Kxe3 g5 35. hxg5+ hxg5 36. Nd2 b6 37. Ne4+ Kg6 38. Kd4 Kh6 39. b4
Kg6 40. b5 1-0

[Event "Aut_2. Bundesliga Ost 2005/06"]
[Site "?"]
[Date "2005.10.08"]
[Round "1.3"]
[White "Neumeier, Klaus"]
[Black "Franzen, Jozef"]
[Result "1-0"]
[WhiteElo "2255"]
[BlackElo "2332"]
[PlyCount "67"]
[EventDate "2005.10.08"]

1. e4 e5 2. Nf3 Nc6 3. Nc3 Nf6 4. Bb5 Bb4 5. O-O O-O 6. d3 d6 7. Ne2 Bg4 8. c3
Bc5 9. Ng3 Nh5 10. Nf5 Ne7 11. Nxe7+ Qxe7 12. h3 Bc8 13. d4 Bb6 14. Bd3 Nf4 15.
Bxf4 exf4 16. Re1 Bd7 17. Qd2 g5 18. a4 a5 19. e5 h6 20. Bc2 f5 21. h4 Qg7 22.
Bb3+ Kh8 23. hxg5 hxg5 24. Kf1 g4 25. Ke2 Qe7 26. Qxf4 Kg7 27. Kd2 Rae8 28.
exd6 Qf6 29. Ne5 Bc6 30. d7 Re7 31. Nxc6 bxc6 32. Rxe7+ Qxe7 33. Re1 Qd8 34.
Re6 1-0

[Event "Aut_2. Bundesliga Ost 2005/06"]
[Site "?"]
[Date "2005.10.08"]
[Round "1.3"]
[White "Wanderer, Thomas"]
[Black "Knoflicek, Ctibor"]
[Result "1/2-1/2"]
[WhiteElo "2193"]
[BlackElo "2139"]
[PlyCount "35"]
[EventDate "2005.10.08"]

1. e4 e5 2. Bc4 Nf6 3. d3 Nc6 4. Nc3 Bb4 5. Nge2 d5 6. exd5 Nxd5 7. Bxd5 Qxd5
8. O-O Qd8 9. f4 Bg4 10. Qe1 O-O 11. Qg3 Bxe2 12. Nxe2 Bd6 13. f5 e4 14. Qg4
exd3 15. f6 g6 16. cxd3 Re8 17. Bh6 Ne5 18. Qh4 1/2-1/2

[Event "Aut_2. Bundesliga Ost 2005/06"]
[Site "?"]
[Date "2005.10.08"]
[Round "1.3"]
[White "Chulis, Alexander"]
[Black "Hechl, Gerald"]
[Result "0-1"]
[WhiteElo "2109"]
[BlackElo "2182"]
[PlyCount "80"]
[EventDate "2005.10.08"]

1. e4 e6 2. d4 d5 3. Bd3 c5 4. c3 Nc6 5. Ne2 cxd4 6. cxd4 Nb4 7. e5 Nxd3+ 8.
Qxd3 Bd7 9. O-O a6 10. f4 Bb5 11. Qf3 Bxe2 12. Qxe2 Qb6 13. Be3 Ne7 14. Nc3 Nf5
15. g4 Nxe3 16. Qxe3 h5 17. f5 hxg4 18. fxe6 Qxe6 19. Ne2 Be7 20. Rac1 Rh3 21.
Qf4 g5 22. Qd2 f5 23. exf6 Bd6 24. f7+ Kf8 25. Rf2 Qh6 26. Qc2 Bxh2+ 27. Kf1
Rf3 28. Ng1 Rxf2+ 29. Qxf2 Bf4 30. Rc5 Qe6 31. Qc2 Qxf7 32. Rc8+ Rxc8 33. Qxc8+
Kg7 34. Kg2 Be3 35. Qc2 Bxd4 36. Kh1 Be5 37. Qc8 Qh5+ 38. Kg2 Qh2+ 39. Kf1 Qf4+
40. Ke2 Qc4+ 0-1

[Event "Aut_2. Bundesliga Ost 2005/06"]
[Site "?"]
[Date "2005.10.08"]
[Round "1.3"]
[White "Wandl, Werner"]
[Black "Glaser, Gerhard"]
[Result "1/2-1/2"]
[WhiteElo "2049"]
[BlackElo "2021"]
[PlyCount "45"]
[EventDate "2005.10.08"]

1. e4 c5 2. Nc3 e6 3. Nge2 Nc6 4. g3 g6 5. Bg2 Bg7 6. d3 Nge7 7. Be3 Nd4 8. Qd2
Qa5 9. O-O Nxe2+ 10. Qxe2 O-O 11. Qd2 Re8 12. d4 Qb4 13. a3 Qa5 14. b4 cxb4 15.
axb4 Qd8 16. Bh6 Bxh6 17. Qxh6 d5 18. Qd2 b6 19. Rfe1 Bb7 20. Re3 dxe4 21. Nxe4
Nf5 22. Rd3 a5 23. bxa5 1/2-1/2

[Event "Aut_2. Bundesliga Ost 2005/06"]
[Site "?"]
[Date "2005.10.08"]
[Round "1.4"]
[White "Brod, Manfred"]
[Black "Vajda, Szidonia"]
[Result "1-0"]
[WhiteElo "2221"]
[BlackElo "2393"]
[PlyCount "81"]
[EventDate "2005.10.08"]

1. e4 e5 2. Nf3 Nc6 3. d4 exd4 4. Nxd4 Nf6 5. Nxc6 bxc6 6. e5 Qe7 7. Qe2 Nd5 8.
c4 Nb6 9. Nc3 Qe6 10. Qe4 g6 11. f4 Bg7 12. Bd3 O-O 13. c5 Nd5 14. Bd2 d6 15.
O-O dxe5 16. Bc4 Rd8 17. fxe5 Qxe5 18. Qxe5 Bxe5 19. Bg5 Rd7 20. Nxd5 cxd5 21.
Bb5 Bd4+ 22. Kh1 Bxc5 23. Rac1 Bd6 24. Rce1 Bf8 25. Bc6 Ba6 26. Rf6 Bb4 27. Rc1
Bc8 28. Bxa8 Be7 29. Re1 h6 30. Rxe7 Rxe7 31. Rxg6+ fxg6 32. Bxe7 Be6 33. Bc5
a5 34. Kg1 Kf7 35. Kf2 Kf6 36. Ke3 Ke5 37. Bc6 Bf5 38. g3 h5 39. Be8 Be4 40.
Bd4+ Kd6 41. Bc3 1-0

[Event "Aut_2. Bundesliga Ost 2005/06"]
[Site "?"]
[Date "2005.10.08"]
[Round "1.4"]
[White "Krpelan, Wolfgang"]
[Black "Riedner, Martin"]
[Result "1/2-1/2"]
[WhiteElo "2226"]
[BlackElo "2196"]
[PlyCount "35"]
[EventDate "2005.10.08"]

1. d4 Nf6 2. Nf3 c5 3. c3 e6 4. Bf4 d5 5. e3 Nbd7 6. Nbd2 Be7 7. Ne5 O-O 8. Bd3
Nxe5 9. Bxe5 Nd7 10. Bg3 f5 11. Nf3 b6 12. O-O Bb7 13. Ne5 Bf6 14. Qa4 Bxe5 15.
Bxe5 Nxe5 16. dxe5 Qc7 17. f4 Kh8 18. Ba6 1/2-1/2

[Event "Aut_2. Bundesliga Ost 2005/06"]
[Site "?"]
[Date "2005.10.08"]
[Round "1.4"]
[White "Stranz, Richard"]
[Black "Wutzlhofer, Robert"]
[Result "1-0"]
[WhiteElo "2207"]
[BlackElo "1972"]
[PlyCount "131"]
[EventDate "2005.10.08"]

1. e4 c5 2. Nc3 d6 3. Nf3 Nf6 4. e5 dxe5 5. Nxe5 e6 6. g3 Be7 7. Bg2 O-O 8. O-O
Nbd7 9. Nc4 Nb6 10. b3 Nbd5 11. Bb2 Nb4 12. Re1 Rb8 13. Ne4 Nc6 14. Nxf6+ Bxf6
15. Bxf6 Qxf6 16. Bxc6 bxc6 17. Qh5 Qe7 18. d3 f6 19. f4 Bd7 20. Re3 Be8 21.
Qe2 Bf7 22. Re1 Qd7 23. Re4 Rbd8 24. Qd2 Rfe8 25. Qa5 Qe7 26. Nd2 Rd5 27. Qa6
Qc7 28. Ra4 Re7 29. Qa5 Qd7 30. Qc3 e5 31. Rae4 Qf5 32. Nc4 h5 33. fxe5 Rd4 34.
Rxd4 cxd4 35. Qxd4 Bd5 36. Ne3 Qxe5 37. Qxe5 Rxe5 38. Kf2 Bf7 39. h4 Kf8 40. d4
Ra5 41. a4 Be6 42. Ra1 c5 43. d5 Bd7 44. Re1 Ra6 45. Nc4 Kf7 46. Re3 Bf5 47.
Rc3 Bd7 48. Ne3 Ra5 49. Nc4 Ra6 50. Ke2 Ke7 51. Re3+ Kf7 52. Kd3 Bg4 53. Kc3
Bf5 54. Re1 g5 55. Ne3 Be4 56. Kc4 gxh4 57. gxh4 f5 58. Kxc5 f4 59. Kd4 Bg6 60.
Rf1 Rf6 61. Ke5 f3 62. Rf2 Ke7 63. c4 Bd3 64. c5 Rf8 65. c6 Be2 66. Nf5+ 1-0

[Event "Aut_2. Bundesliga Ost 2005/06"]
[Site "?"]
[Date "2005.10.08"]
[Round "1.4"]
[White "Savio, Alfred"]
[Black "Galavics, Hermann"]
[Result "1-0"]
[WhiteElo "1989"]
[BlackElo "2049"]
[PlyCount "67"]
[EventDate "2005.10.08"]

1. d4 d5 2. Nf3 Nf6 3. c4 c6 4. Nc3 e6 5. Bg5 h6 6. Bh4 dxc4 7. e3 b5 8. Ne5
Bb7 9. Be2 Be7 10. Bf3 Nd5 11. Bxe7 Qxe7 12. Ne4 Na6 13. Bh5 O-O 14. Qf3 Qb4+
15. Kf1 f5 16. Ng5 hxg5 17. g4 Qxb2 18. Re1 Qc2 19. e4 Nf6 20. gxf5 exf5 21.
Ng6 Qd3+ 22. Qxd3 cxd3 23. Ne7+ Kh7 24. Bg6+ Kh6 25. Re3 g4 26. h3 Nxe4 27.
hxg4+ Kg5 28. gxf5 d2 29. Ke2 c5 30. d5 Nf6 31. Rg1+ Kf4 32. Bf7 Rxf7 33. Ng6+
Kxf5 34. Re5# 1-0

[Event "Aut_2. Bundesliga Ost 2005/06"]
[Site "?"]
[Date "2005.10.08"]
[Round "1.5"]
[White "Beim, Valery"]
[Black "Plachetka, Jan"]
[Result "1-0"]
[WhiteElo "2505"]
[BlackElo "2422"]
[PlyCount "93"]
[EventDate "2005.10.08"]

1. c4 c5 2. Nf3 g6 3. d4 cxd4 4. Nxd4 Bg7 5. e4 Nc6 6. Be3 Nf6 7. Nc3 O-O 8.
Be2 d6 9. O-O Bd7 10. Qd2 Nxd4 11. Bxd4 Bc6 12. f3 a5 13. b3 Nd7 14. Be3 Nc5
15. Rab1 Qb6 16. Rfc1 Rfc8 17. Rc2 h5 18. Qc1 Kh7 19. a3 Qd8 20. Qd2 Qh8 21.
Nd5 Bxd5 22. Qxd5 Qf8 23. b4 axb4 24. axb4 e6 25. Qd2 Na4 26. Rbc1 Rd8 27. f4
Qe7 28. Bf3 Rac8 29. f5 Be5 30. Bg5 Bf6 31. fxg6+ fxg6 32. Bxf6 Qxf6 33. Qe3
Qe5 34. Qa7 Nb2 35. Qxb7+ Kh8 36. Qb6 Nd3 37. Rd1 Nb2 38. Rb1 Nd3 39. Qe3 Nf4
40. g3 Nh3+ 41. Kg2 Ng5 42. Qf4 Qxf4 43. gxf4 Nf7 44. e5 dxe5 45. c5 exf4 46.
b5 Ne5 47. c6 1-0

[Event "Aut_2. Bundesliga Ost 2005/06"]
[Site "?"]
[Date "2005.10.08"]
[Round "1.5"]
[White "Beckhuis, Gernod"]
[Black "Froeschl, Felix"]
[Result "1-0"]
[WhiteElo "2298"]
[BlackElo "2198"]
[PlyCount "53"]
[EventDate "2005.10.08"]

1. Nf3 d5 2. d4 Nf6 3. c4 c6 4. e3 e6 5. Bd3 Bd6 6. Nc3 Nbd7 7. e4 dxe4 8. Nxe4
Nxe4 9. Bxe4 Nf6 10. Bc2 b6 11. O-O Bb7 12. Bg5 O-O 13. Qd3 g6 14. Rad1 Be7 15.
Rfe1 Re8 16. h4 Nd7 17. Bxe7 Rxe7 18. h5 Qe8 19. Re3 Rd8 20. Ng5 Nf6 21. hxg6
hxg6 22. Rg3 Nh7 23. Nxh7 Kxh7 24. Qe3 Kg8 25. Qe5 Qf8 26. Bxg6 Qg7 27. Bxf7+
1-0

[Event "Aut_2. Bundesliga Ost 2005/06"]
[Site "?"]
[Date "2005.10.08"]
[Round "1.5"]
[White "Bukacek, Emil"]
[Black "Wallner, Alfred"]
[Result "1/2-1/2"]
[WhiteElo "2206"]
[BlackElo "2203"]
[PlyCount "59"]
[EventDate "2005.10.08"]

1. e4 c5 2. Nc3 Nc6 3. f4 g6 4. Nf3 Bg7 5. Bb5 Nd4 6. Nxd4 cxd4 7. Ne2 Nf6 8.
e5 Nd5 9. c3 Nc7 10. Nxd4 O-O 11. Be2 d6 12. Nf3 dxe5 13. fxe5 b5 14. d4 Bb7
15. O-O Qd7 16. Qe1 Rac8 17. Qh4 Ne6 18. Ng5 Nxg5 19. Bxg5 f6 20. exf6 exf6 21.
Bd2 b4 22. Bf3 bxc3 23. Bxb7 Qxb7 24. Bxc3 Rfe8 25. Rfe1 Qd5 26. a3 f5 27. Rad1
h6 28. Qg3 g5 29. Qf3 Rxe1+ 30. Rxe1 1/2-1/2

[Event "Aut_2. Bundesliga Ost 2005/06"]
[Site "?"]
[Date "2005.10.08"]
[Round "1.5"]
[White "Kreindl, Helmut"]
[Black "Poecksteiner, Johann"]
[Result "1-0"]
[WhiteElo "2159"]
[BlackElo "2151"]
[PlyCount "59"]
[EventDate "2005.10.08"]

1. d4 f5 2. Nf3 Nf6 3. c3 g6 4. Bg5 Bg7 5. Nbd2 d6 6. Bxf6 Bxf6 7. e4 fxe4 8.
Nxe4 Nc6 9. Nxf6+ exf6 10. Be2 O-O 11. O-O Kg7 12. Re1 Bg4 13. h3 Bxf3 14. Bxf3
Qd7 15. Qb3 Nd8 16. Re3 Re8 17. Rae1 Rxe3 18. Rxe3 c6 19. Qc2 d5 20. Qe2 Kf7
21. Bg4 f5 22. Bxf5 gxf5 23. Qh5+ Kg7 24. Qg5+ Kf7 25. Re5 Qd6 26. Qxf5+ Kg7
27. Re8 Rb8 28. Qg5+ Kf7 29. Qg8+ Kf6 30. Rf8+ 1-0

[Event "Aut_2. Bundesliga Ost 2005/06"]
[Site "?"]
[Date "2005.10.08"]
[Round "1.5"]
[White "Rogetzer, Klaus"]
[Black "Petschar, Hans"]
[Result "1/2-1/2"]
[WhiteElo "2081"]
[BlackElo "2074"]
[PlyCount "77"]
[EventDate "2005.10.08"]

1. d4 Nf6 2. c4 g6 3. Nc3 Bg7 4. e4 d6 5. f3 O-O 6. Bg5 c5 7. d5 e6 8. Qd2 exd5
9. cxd5 h6 10. Bxh6 Nxe4 11. Nxe4 Qh4+ 12. g3 Qxh6 13. Qxh6 Bxh6 14. Nxd6 Nd7
15. f4 Nb6 16. O-O-O Rd8 17. Ne4 Bg7 18. Nf3 Rxd5 19. Rxd5 Nxd5 20. Nd6 Ne3 21.
Bb5 Be6 22. Re1 a6 23. Ba4 Ng4 24. Ng5 Bxa2 25. h3 Nh6 26. Nxb7 Bd5 27. Nxc5
Bd4 28. Nd7 Nf5 29. Rd1 Be3+ 30. Kb1 Bc4 31. Ne5 Rc8 32. Bd7 Rc7 33. Ng4 Be2
34. Nf6+ Kg7 35. Ne8+ Kf8 36. Nxc7 Bxd1 37. Bxf5 gxf5 38. Nxa6 Bf2 39. g4
1/2-1/2

[Event "Aut_2. Bundesliga Ost 2005/06"]
[Site "?"]
[Date "2005.10.08"]
[Round "1.6"]
[White "Mahdi, Khaled"]
[Black "Timoscenko, Gennadij"]
[Result "0-1"]
[WhiteElo "2337"]
[BlackElo "2501"]
[PlyCount "66"]
[EventDate "2005.10.08"]

1. e4 e5 2. Nf3 Nc6 3. Bb5 a6 4. Ba4 Nf6 5. d3 d6 6. c3 g6 7. O-O Bg7 8. Re1
O-O 9. Nbd2 b5 10. Bc2 Bb7 11. Nf1 Nb8 12. h3 Nbd7 13. N3h2 d5 14. Ng4 Nxg4 15.
hxg4 Nc5 16. Ng3 Ne6 17. Bd2 c5 18. Rc1 Qh4 19. exd5 Bxd5 20. c4 Bb7 21. cxb5
axb5 22. Bb3 Nf4 23. Rxc5 Nxg2 24. Rc7 Nxe1 25. Rxb7 Nxd3 26. Rxb5 Rad8 27. Bd5
Nf4 28. Bxf4 exf4 29. Nf1 Kh8 30. a4 f5 31. Nh2 fxg4 32. Qxg4 Qxg4+ 33. Nxg4
Rf5 0-1

[Event "Aut_2. Bundesliga Ost 2005/06"]
[Site "?"]
[Date "2005.10.08"]
[Round "1.6"]
[White "Schroll, Gerhard"]
[Black "Wallner, Joachim"]
[Result "1-0"]
[WhiteElo "2341"]
[BlackElo "2278"]
[PlyCount "99"]
[EventDate "2005.10.08"]

1. c4 Nf6 2. Nc3 e6 3. d4 d5 4. cxd5 exd5 5. Bg5 c6 6. e3 Qb6 7. Bxf6 Qxb2 8.
Qc1 Ba3 9. Qxb2 Bxb2 10. Nxd5 cxd5 11. Rb1 Bc3+ 12. Kd1 O-O 13. Bh4 Nc6 14. Ne2
Bb4 15. Nf4 Bf5 16. Bd3 Bxd3 17. Nxd3 a5 18. Nf4 f6 19. Bg3 Ne7 20. Ke2 Rfc8
21. Rhc1 Kf7 22. Nd3 g5 23. Rxc8 Rxc8 24. Nxb4 axb4 25. Rxb4 Rc2+ 26. Kd3 Rxa2
27. Rxb7 Ke6 28. Rb6+ Kf7 29. Kc3 Nf5 30. Rb2 Rxb2 31. Kxb2 h5 32. Kc3 Ke6 33.
Kb4 Nh6 34. f3 f5 35. Kc5 Nf7 36. Bc7 g4 37. Bf4 Nh8 38. Kc6 Ng6 39. Bg5 Nf8
40. Kc7 Ng6 41. Kc6 Nh8 42. Kc7 Ng6 43. h4 Nh8 44. Kd8 gxf3 45. gxf3 Ng6 46.
Ke8 f4 47. exf4 Nh8 48. Kf8 Ng6+ 49. Kg7 Kf5 50. Kf7 1-0

[Event "Aut_2. Bundesliga Ost 2005/06"]
[Site "?"]
[Date "2005.10.08"]
[Round "1.6"]
[White "Dueckstein, Andreas"]
[Black "Neulinger, Manfred"]
[Result "0-1"]
[WhiteElo "2249"]
[BlackElo "2292"]
[PlyCount "90"]
[EventDate "2005.10.08"]

1. e4 c6 2. d4 d5 3. Nc3 dxe4 4. Nxe4 Bf5 5. Ng3 Bg6 6. Bc4 Nf6 7. N1e2 e6 8.
Nf4 Nd5 9. c3 Nd7 10. Qf3 Be7 11. h4 Nxf4 12. Qxf4 h6 13. Ne4 Nb6 14. Bb3 Nd5
15. Qg4 h5 16. Qe2 Bxh4 17. c4 Nc7 18. Bf4 Bxe4 19. Qxe4 Na6 20. O-O-O Bg5 21.
Kb1 Bxf4 22. Qxf4 Qf6 23. Qxf6 gxf6 24. Rh4 O-O-O 25. g3 f5 26. Rd2 Nc5 27. Bc2
Nd7 28. d5 Nf6 29. d6 c5 30. a3 Rhg8 31. Bd1 Ne4 32. Rc2 Rxd6 33. Bxh5 Rg7 34.
Kc1 Nf6 35. Bf3 b6 36. Rh8+ Rd8 37. Rxd8+ Kxd8 38. Rd2+ Ke7 39. Kc2 Rg8 40. Rd1
Rh8 41. Kc3 Rh2 42. Rd2 e5 43. b4 e4 44. Bd1 e3 45. Re2 Ne4+ 0-1

[Event "Aut_2. Bundesliga Ost 2005/06"]
[Site "?"]
[Date "2005.10.08"]
[Round "1.6"]
[White "Posch, Werner"]
[Black "Kirschner, Alexander"]
[Result "1-0"]
[WhiteElo "2206"]
[BlackElo "2153"]
[PlyCount "80"]
[EventDate "2005.10.08"]

1. e4 e6 2. d3 d5 3. Nd2 Nf6 4. Ngf3 Nc6 5. Be2 Be7 6. O-O e5 7. exd5 Nxd5 8.
Nc4 Bf6 9. Re1 O-O 10. Bf1 Re8 11. h3 a5 12. a4 h6 13. g3 Bf5 14. Bg2 Qd7 15.
Kh2 e4 16. dxe4 Bxe4 17. Nfe5 Nxe5 18. Nxe5 Rxe5 19. Rxe4 Rd8 20. Rxe5 Bxe5 21.
Qh5 Bd4 22. Bxh6 Nf6 23. Qh4 Bxb2 24. Rb1 Qd4 25. Bg5 b6 26. Bxf6 gxf6 27. Qxd4
Bxd4 28. Rd1 Rd6 29. f4 Bc5 30. Rxd6 Bxd6 31. Be4 Kf8 32. Kg2 Bb4 33. Kf3 Be1
34. h4 Kg7 35. h5 Bd2 36. c4 Bc1 37. Bd5 Bd2 38. Ke4 Bc1 39. Kf5 Bd2 40. Be4
Bc3 1-0

[Event "Aut_2. Bundesliga Ost 2005/06"]
[Site "?"]
[Date "2005.10.08"]
[Round "1.6"]
[White "Lovrinovic, Christian"]
[Black "Todor, Razvan"]
[Result "1-0"]
[WhiteElo "2155"]
[BlackElo "2153"]
[PlyCount "85"]
[EventDate "2005.10.08"]

1. d4 d6 2. c4 e5 3. d5 a5 4. Nc3 Nd7 5. e4 Nc5 6. Qc2 Bg4 7. f3 Bd7 8. Be3 Be7
9. Nge2 Bg5 10. Bf2 h5 11. h4 Bh6 12. Nc1 b6 13. Nd3 Nxd3+ 14. Bxd3 Ne7 15. Qe2
g6 16. Be3 f5 17. O-O-O f4 18. Bf2 Ng8 19. Kb1 Nf6 20. Rdg1 Qe7 21. g3 g5 22.
g4 O-O-O 23. gxh5 Nxh5 24. hxg5 Bxg5 25. Qc2 Bf6 26. Nb5 Kb7 27. Qb3 Bc8 28.
Nc3 Bd7 29. Na4 Rb8 30. Nxb6 cxb6 31. Qxb6+ Kc8 32. Qxa5 Be8 33. c5 Qc7 34. Qa3
Bb5 35. cxd6 Bxd3+ 36. Qxd3 Qxd6 37. Rc1+ Kd8 38. Bc5 Qd7 39. Qa6 Bg7 40. Bb6+
Ke8 41. Rc7 Qd6 42. Qa4+ Kd8 43. Rd7+ 1-0

[Event "Aut_2. Bundesliga Ost 2005/06"]
[Site "?"]
[Date "2005.10.08"]
[Round "1.6"]
[White "Steiner, Adam"]
[Black "Niederwieser, Peter"]
[Result "1/2-1/2"]
[WhiteElo "2131"]
[BlackElo "2143"]
[PlyCount "67"]
[EventDate "2005.10.08"]

1. e4 c5 2. Nf3 e6 3. c3 d5 4. exd5 Qxd5 5. d4 Nf6 6. Be2 cxd4 7. O-O Nc6 8.
cxd4 Be7 9. Nc3 Qd6 10. Be3 O-O 11. Rc1 Nb4 12. a3 Nbd5 13. Bd3 Nxc3 14. bxc3
b6 15. c4 Rd8 16. Qe2 Bb7 17. d5 exd5 18. c5 bxc5 19. Bxc5 Qxc5 20. Rxc5 Bxc5
21. Qb2 Rab8 22. Rb1 Ne4 23. Nd4 g6 24. a4 a5 25. h4 Bb4 26. Nb5 Bc5 27. Rf1 h5
28. Qc2 Rbc8 29. Qb2 Bb4 30. Qe5 Bf8 31. Qd4 Bc5 32. Qe5 Bf8 33. Qd4 Bc5 34.
Qe5 1/2-1/2

[Event "Aut_2. Bundesliga Ost 2005/06"]
[Site "?"]
[Date "2005.10.09"]
[Round "2.1"]
[White "Markos, Jan"]
[Black "Timoscenko, Gennadij"]
[Result "1-0"]
[WhiteElo "2462"]
[BlackElo "2501"]
[PlyCount "135"]
[EventDate "2005.10.08"]

1. d4 d5 2. c4 c6 3. Nc3 Nf6 4. e3 a6 5. Nf3 b5 6. b3 Bg4 7. Be2 e6 8. O-O Nbd7
9. h3 Bh5 10. Bb2 Bd6 11. Ne5 Bxe2 12. Nxe2 bxc4 13. bxc4 O-O 14. Qc2 Qc7 15.
Nd3 Rfc8 16. Rfc1 Qd8 17. c5 Be7 18. Bc3 Rcb8 19. Be1 Qc8 20. f3 Bd8 21. g4 a5
22. a4 Bc7 23. Bg3 Bxg3 24. Nxg3 Qc7 25. f4 Qb7 26. g5 Ne8 27. Ra3 g6 28. h4
Ng7 29. h5 Nf5 30. Kf2 Qa6 31. Rh1 Rb7 32. Nf1 Rab8 33. Nd2 Ng7 34. hxg6 hxg6
35. Raa1 Nh5 36. Rab1 Rxb1 37. Rxb1 Rxb1 38. Qxb1 Kg7 39. Qc2 Kg8 40. Qb3 Ng7
41. Nf3 Qc8 42. Nfe5 Nxe5 43. Nxe5 Nf5 44. Qb6 Kg7 45. Qa7 Qe8 46. Qc7 Ne7 47.
Ke2 Qf8 48. Kd3 Qe8 49. Qxa5 Qh8 50. Qd2 Qh1 51. Kc2 Qa1 52. Kb3 Qb1+ 53. Qb2
Qe4 54. Qc3 Nf5 55. Qd3 Qh1 56. Nxc6 Qc1 57. Qc3 Qg1 58. Kb4 Nxe3 59. Kb5 Qf1+
60. Kb6 Nc4+ 61. Kb7 Qxf4 62. a5 e5 63. dxe5 Qf5 64. e6+ Kh7 65. Qf6 Qb1+ 66.
Kc7 fxe6 67. Qf7+ Kh8 68. Ne7 1-0

[Event "Aut_2. Bundesliga Ost 2005/06"]
[Site "?"]
[Date "2005.10.09"]
[Round "2.1"]
[White "Schroll, Gerhard"]
[Black "Alvir, Aco"]
[Result "1-0"]
[WhiteElo "2341"]
[BlackElo "2370"]
[PlyCount "69"]
[EventDate "2005.10.08"]

1. e4 c5 2. c3 e6 3. d4 d5 4. exd5 exd5 5. Be3 c4 6. b3 cxb3 7. axb3 Nf6 8. Bd3
Nc6 9. h3 g6 10. Qe2 Be6 11. Nf3 Bg7 12. Ng5 Qd7 13. Nd2 O-O 14. Nxe6 Qxe6 15.
O-O Rfe8 16. Rfe1 a6 17. b4 a5 18. bxa5 Rxa5 19. Nb3 Rxa1 20. Rxa1 Ne4 21. Bxe4
Qxe4 22. Nc5 Qf5 23. Nxb7 Bf8 24. Qb5 Rc8 25. Nc5 Bxc5 26. dxc5 g5 27. Rd1 h6
28. Qb7 Qe6 29. Rxd5 Rb8 30. Qd7 Ne7 31. Qxe6 fxe6 32. Rd7 Kf8 33. c6 Nxc6 34.
Rh7 g4 35. Bxh6+ 1-0